LEADER 01367nam a2200289 u 4500 001 000000028156 003 CaOOAMICUS 005 20070226111753.0 008 960507s1994 it u000 u ita u 020 $a8871444418 035 $a10730741 040 $aBAV$bita$dPUL(R)$dPUL(R) 245 00$aUnità e autonomia del sapere :$bil dibattito del XIII secolo /$ca cura di Rafael Martínez ; scritti di Inos Biffi ... [et al.]. 260 $aRoma :$bArmando,$cc1994. 300 $a200 p. ;$c22 cm 490 1 $aStudi di filosofia / Facoltà di filosofia dell'Ateneo Romano della Santa Croce 504 $aBibliografia: p. 173-194. 650 4$aGnoseologia$xSec. XIII.$0(OLS)http://pul/subject/16265 700 1 $aMartínez, Rafael.$0(OLS)http://pul/name/22934 700 1 $aBiffi, Inos,$csac.,$d1934-$0(OLS)http://pul/name/1663 830 0$aStudi di filosofia (Facoltà di filosofia dell'Ateneo Romano della Santa Croce).$0(OLS)http://pul/title/38458 850 $aPUL 852 $aPUL$W1$xSL Filosofia 1$y2$m96 H 198$j39145$nBK-PRI$b $qStampati$B39145$CPULBib$Z2$F39145 $H $81 941 1 $a8 996 $6020$a8871444418$9(OLS)http://pul/number/34933 996 $6245$aUnità e autonomia del sapere :$bil dibattito del XIII secolo$9(OLS)http://pul/title/38457 996 $6260$aRoma :$bArmando$9(OLS)http://pul/publisher/55055 LEADER 01783nam a2200373 u 4500 001 000000046286 003 CaOOAMICUS 005 20070226114745.0 008 990705s1977 pau u000 u eng u 020 $a0664241530 035 $a10828786 040 $aPUL(R)$bita 041 1 $aeng$hgrc 100 0 $aClemens, Titus Flavius,$cAlexandrinus,$dc. 150-215/6.$0(OLS)http://pul/name/64266 240 10$aGruppi, scelte$9(Clemens Alexandrinus, c. 150-c. 215).$0(OLS)http://pul/title/62366 245 10$aAlexandrian Christianity :$bselected translations of Clement and Origen /$cwith introductions and notes by John Ernest Leonard Oulton ... and Henry Chadwick .. 260 $aPhiladelphia ,$c[1977] 300 $a475 p. ;$c22 cm 490 1 $aThe library of Christian classics 500 $aContiene indici. 504 $aBibliografia in nota. 700 1 $aChadwick, Henry,$d1920-$0(OLS)http://pul/name/9667 700 1 $aOulton, John Ernest Leonard.$0(OLS)http://pul/name/33702 700 0 $aOrigenes,$d184-253.$tGruppi, scelte$9(Origenes, 184-253).$0(OLS)http://pul/name/18819 830 4$aThe library of Christian classics.$0(OLS)http://pul/title/62368 850 $aPUL 852 $aPUL$W1$xSL Religione 1$y3$m25 C 31$j62080$nBK-PRI$b $qStampati$B62080$CPULBib$Z2$F62080 $H $81 900 $aClemente di Alessandria$cs.,$dca. 150-ca. 215$964266 900 $aClemente Alessandrino,$cs.,$dca. 150-ca. 215$964266 900 $aClemens Alexandrinus,$dc. 150-215/6$964266 941 1 $a8 996 $6020$a0664241530$9(OLS)http://pul/number/57727 996 $6245$aAlexandrian Christianity :$bselected translations of Clement and Origen$9(OLS)http://pul/title/62367 996 $6260$aPhiladelphia $9(OLS)http://pul/publisher/66448